[Event "Malaga op-13"]
[Site "Malaga"]
[Date "2010.02.20"]
[Round "1.2"]
[White "Paunovic, Dragan"]
[Black "Moreno Alberti, Manuel Maria"]
[Result "1-0"]
[WhiteElo "2551"]
[BlackElo "1971"]
[PlyCount "53"]
[EventDate "2010.02.20"]

1. c4 Nf6 2. Nf3 g6 3. g3 Bg7 4. Bg2 O-O 5. O-O d6 6. d4 c6 7. Nc3 Nbd7 8. Qc2
Qc7 9. e4 e5 10. Rd1 Re8 11. h3 b6 12. Be3 Bb7 13. Rac1 Rac8 14. b4 a6 15. c5
dxc5 16. bxc5 b5 17. dxe5 Nxe5 18. Nxe5 Qxe5 19. f4 Qe7 20. e5 b4 21. Na4 Rcd8
22. Nb6 Rxd1+ 23. Rxd1 a5 24. Bf2 Nd5 25. Nxd5 cxd5 26. c6 Rc8 27. cxb7 1-0

[Event "Malaga op-13"]
[Site "Malaga"]
[Date "2010.02.20"]
[Round "1.3"]
[White "Borrego Gil, Diego"]
[Black "Matamoros Franco, Carlos S"]
[Result "0-1"]
[WhiteElo "1966"]
[BlackElo "2545"]
[PlyCount "46"]
[EventDate "2010.02.20"]

1. d4 Nf6 2. c4 g6 3. Nc3 Bg7 4. e4 d6 5. f4 c5 6. d5 O-O 7. Nf3 e6 8. Be2 exd5
9. exd5 Na6 10. O-O Bf5 11. Bd3 Qd7 12. a3 Nc7 13. Qc2 Bxd3 14. Qxd3 b5 15.
cxb5 Rfb8 16. Bd2 Nxb5 17. Rab1 Rb7 18. Rfd1 Rab8 19. Qc2 Nd4 20. Nxd4 cxd4 21.
Ne2 Nxd5 22. Qe4 Qe6 23. Qd3 Rb3 0-1

[Event "Malaga op-13"]
[Site "Malaga"]
[Date "2010.02.20"]
[Round "1.4"]
[White "Strikovic, Aleksa"]
[Black "Molina Mataran, Manuel"]
[Result "1-0"]
[WhiteElo "2531"]
[BlackElo "1962"]
[PlyCount "51"]
[EventDate "2010.02.20"]

1. c4 c5 2. Nf3 Nf6 3. Nc3 Nc6 4. d4 cxd4 5. Nxd4 e5 6. Ndb5 d6 7. g3 a6 8. Na3
Be7 9. Bg2 O-O 10. O-O Bf5 11. h3 Qd7 12. Kh2 Rac8 13. e4 Bg6 14. Be3 Ne8 15.
Nd5 Rb8 16. c5 Qe6 17. h4 f5 18. h5 f4 19. Bh3 fxg3+ 20. fxg3 Qxh3+ 21. Kxh3
Bxe4 22. Nxe7+ Nxe7 23. Rxf8+ Kxf8 24. cxd6 Nf5 25. Bc5 Kg8 26. d7 1-0

[Event "Malaga op-13"]
[Site "Malaga"]
[Date "2010.02.20"]
[Round "1.5"]
[White "Navia Martin, Sergio"]
[Black "Recuero Guerra, David"]
[Result "0-1"]
[WhiteElo "1956"]
[BlackElo "2480"]
[PlyCount "80"]
[EventDate "2010.02.20"]

1. d4 Nf6 2. c4 e6 3. g3 c5 4. d5 exd5 5. cxd5 d6 6. Nc3 g6 7. Bg2 Bg7 8. Nf3
O-O 9. O-O Na6 10. Nd2 Nc7 11. a4 Nd7 12. Nc4 Ne5 13. Na3 b6 14. h3 f5 15. f4
Nd7 16. Kh2 Nf6 17. Re1 Qd7 18. Nab5 Nce8 19. e4 fxe4 20. Nxe4 Nxe4 21. Rxe4 a6
22. Nc3 Nf6 23. Re2 Rb8 24. Qe1 Re8 25. Rxe8+ Nxe8 26. Ne4 Nc7 27. Nf2 Bb7 28.
Qd1 Bd4 29. Ng4 Kh8 30. Qb3 b5 31. a5 Qg7 32. Ne3 Re8 33. Bd2 Bxb2 34. Rf1 Bc8
35. f5 Bd4 36. fxg6 hxg6 37. Rf4 Kg8 38. Be4 Be5 39. Rh4 Qf6 40. Ng4 Qxh4 0-1

[Event "Malaga op-13"]
[Site "Malaga"]
[Date "2010.02.20"]
[Round "1.6"]
[White "Carlsson, Pontus"]
[Black "Jurado Vazquez, Jose Carlos"]
[Result "1-0"]
[WhiteElo "2476"]
[BlackElo "1956"]
[PlyCount "53"]
[EventDate "2010.02.20"]

1. e4 c5 2. Nf3 e6 3. d4 cxd4 4. Nxd4 a6 5. Bd3 Qc7 6. O-O Nf6 7. Qe2 Nc6 8.
Nb3 Be7 9. f4 d6 10. Nc3 O-O 11. a4 b6 12. Bd2 Nb4 13. e5 Nfd5 14. Nxd5 Nxd5
15. c4 Nf6 16. exf6 Bxf6 17. Rf3 g6 18. Be4 Rb8 19. Bc3 Bxc3 20. Rxc3 f5 21.
Bf3 e5 22. Bd5+ Kg7 23. Re3 Re8 24. Re1 e4 25. Nd4 Bd7 26. b4 h6 27. Qb2 1-0

[Event "Malaga op-13"]
[Site "Malaga"]
[Date "2010.02.20"]
[Round "1.7"]
[White "Bolle, Leendert J.M"]
[Black "Colovic, Aleksander"]
[Result "0-1"]
[WhiteElo "1948"]
[BlackElo "2464"]
[PlyCount "68"]
[EventDate "2010.02.20"]

1. e4 c5 2. Nf3 d6 3. d4 cxd4 4. Nxd4 Nf6 5. Nc3 e6 6. Bg5 Be7 7. Qd2 a6 8. Bc4
h6 9. Bxf6 Bxf6 10. Bb3 Nc6 11. Nde2 O-O 12. Rd1 Be7 13. O-O b5 14. f4 Na5 15.
Ng3 Nxb3 16. axb3 Bb7 17. f5 Rc8 18. Nce2 Bg5 19. Qd3 Qb6+ 20. Kh1 d5 21. c3
dxe4 22. Nxe4 Rcd8 23. Qc2 Rxd1 24. Rxd1 Qc6 25. N2g3 Bf4 26. fxe6 fxe6 27. Qe2
Qb6 28. Rf1 e5 29. b4 Rd8 30. Rd1 Rxd1+ 31. Qxd1 Bxg3 32. Nxg3 Qf2 33. Qf1 Qxb2
34. Nf5 Bxg2+ 0-1

[Event "Malaga op-13"]
[Site "Malaga"]
[Date "2010.02.20"]
[Round "1.8"]
[White "Berbatov, Kiprian"]
[Black "Fournier, Manuel"]
[Result "1-0"]
[WhiteElo "2455"]
[BlackElo "1935"]
[PlyCount "69"]
[EventDate "2010.02.20"]

1. e4 e5 2. Nf3 Nc6 3. Bb5 a6 4. Ba4 d6 5. c3 Bd7 6. d4 g6 7. O-O Bg7 8. Be3
Nf6 9. Nbd2 O-O 10. h3 Qe7 11. Re1 Rad8 12. Bg5 h6 13. Bh4 Kh7 14. Nf1 Rde8 15.
Ne3 Qd8 16. Nd5 b5 17. Bc2 Nb8 18. c4 c6 19. Ne3 Qb6 20. c5 dxc5 21. dxe5 Nh5
22. Ng4 Bxg4 23. hxg4 Nf4 24. Qd2 Ne6 25. Bf6 Nd4 26. Nxd4 cxd4 27. g5 h5 28.
g4 hxg4 29. Kg2 Nd7 30. Rh1+ Kg8 31. Rh4 c5 32. Rah1 Bxf6 33. gxf6 Nxf6 34.
Rh8+ Kg7 35. Qh6# 1-0

[Event "Malaga op-13"]
[Site "Malaga"]
[Date "2010.02.20"]
[Round "1.10"]
[White "Arribas Lopez, Angel"]
[Black "Ramos Cantos, Juan Jesus"]
[Result "1-0"]
[WhiteElo "2441"]
[BlackElo "1921"]
[PlyCount "33"]
[EventDate "2010.02.20"]

1. e4 c5 2. Nc3 Nc6 3. Nge2 d6 4. d4 cxd4 5. Nxd4 Nf6 6. Bg5 e5 7. Bxf6 Qxf6 8.
Nd5 Qd8 9. Nb5 Be6 10. Nbc7+ Kd7 11. Nxa8 Qxa8 12. Bc4 Qd8 13. O-O g5 14. Qh5
Kc8 15. Rad1 h6 16. Ne3 Qd7 17. Rd2 1-0

[Event "Malaga op-13"]
[Site "Malaga"]
[Date "2010.02.20"]
[Round "1.11"]
[White "Brown, David"]
[Black "Bellon Lopez, Juan Manuel"]
[Result "1/2-1/2"]
[WhiteElo "1918"]
[BlackElo "2440"]
[PlyCount "207"]
[EventDate "2010.02.20"]

1. e4 c5 2. Nf3 e6 3. d4 cxd4 4. Nxd4 Nf6 5. Bd3 Bc5 6. Nb3 Be7 7. O-O d6 8. c4
Nbd7 9. Qe2 a6 10. Nc3 Qc7 11. Bf4 Ne5 12. Rac1 b6 13. Rfd1 Bb7 14. Nd2 Nxd3
15. Qxd3 Nd7 16. Nf3 Ne5 17. Nxe5 dxe5 18. Bxe5 Qc6 19. Qg3 Rg8 20. Bd6 Bf6 21.
Be5 Be7 22. Bd6 Bd8 23. Re1 f6 24. Nd5 Kf7 25. Nb4 Qd7 26. Rcd1 Qc8 27. Qd3 a5
28. Nc2 Ra7 29. Nd4 Ba6 30. Nb5 Rd7 31. e5 f5 32. b3 Bxb5 33. cxb5 Be7 34. Qf3
Rgd8 35. Rc1 Qb7 36. Qxb7 Rxb7 37. Rc6 Rdd7 38. f4 g5 39. g3 h5 40. Re2 g4 41.
Rec2 h4 42. Bxe7 Rd1+ 43. Kf2 hxg3+ 44. hxg3 Kxe7 45. Ke2 Rg1 46. Kf2 Ra1 47.
Ke2 Rg1 48. Kf2 Rh1 49. Ke3 Rf1 50. Rh2 Rf3+ 51. Ke2 Kf8 52. Rxe6 Rxg3 53. Rf6+
Rf7 54. Rxb6 a4 55. bxa4 Ra3 56. Rh8+ Kg7 57. Rbh6 Rxa2+ 58. Kf1 Ra1+ 59. Kg2
Rxa4 60. R8h7+ Kg8 61. Rxf7 Kxf7 62. Rf6+ Ke7 63. Rxf5 Ra3 64. Rg5 Ke6 65. Rxg4
Kf5 66. Rg3 Ra2+ 67. Kh3 Rb2 68. e6 Kxe6 69. Rg5 Kf6 70. Kg4 Rb1 71. Rf5+ Ke6
72. Re5+ Kf6 73. Kf3 Rb3+ 74. Ke4 Rb4+ 75. Kf3 Rb1 76. Rc5 Ke6 77. Re5+ Kf6 78.
Rc5 Ke6 79. f5+ Kd6 80. Rc6+ Kd7 81. Rb6 Kc7 82. Rc6+ Kd7 83. Rb6 Kc7 84. Re6
Rxb5 85. Kf4 Kd7 86. Kg5 Rb1 87. Re4 Rf1 88. Kg6 Kd6 89. f6 Kd7 90. Kf7 Kd6 91.
Re6+ Kd7 92. Re4 Kd6 93. Kg6 Rg1+ 94. Kf5 Rf1+ 95. Rf4 Rxf4+ 96. Kxf4 Ke6 97.
Kg5 Kf7 98. Kf5 Kf8 99. Ke6 Ke8 100. Kf5 Kf7 101. Ke5 Kf8 102. Ke6 Ke8 103. f7+
Kf8 104. Kf6 1/2-1/2

[Event "Malaga op-13"]
[Site "Malaga"]
[Date "2010.02.20"]
[Round "1.12"]
[White "Ivanov, Jordan"]
[Black "Barroso Campos, Manuel"]
[Result "1-0"]
[WhiteElo "2409"]
[BlackElo "1910"]
[PlyCount "57"]
[EventDate "2010.02.20"]

1. Nf3 c5 2. c4 Nf6 3. Nc3 e6 4. e3 Be7 5. d4 cxd4 6. exd4 d6 7. Bd3 Nc6 8. O-O
O-O 9. Re1 Bd7 10. a3 Rc8 11. b4 Re8 12. h3 h6 13. Bf4 Bf8 14. Nb5 d5 15. c5 a6
16. Nd6 Bxd6 17. Bxd6 Kh8 18. Qd2 Rg8 19. a4 Ne8 20. b5 axb5 21. axb5 Ne7 22.
Ne5 Rf8 23. Ra7 Nxd6 24. cxd6 Ng8 25. Rxb7 Nf6 26. Ra1 Qe8 27. Raa7 Rd8 28. b6
Kg8 29. Nxd7 1-0

[Event "Malaga op-13"]
[Site "Malaga"]
[Date "2010.02.20"]
[Round "1.13"]
[White "Garzon Rodriguez, Jose Manuel"]
[Black "Karim, Ismael"]
[Result "0-1"]
[WhiteElo "1909"]
[BlackElo "2386"]
[PlyCount "74"]
[EventDate "2010.02.20"]

1. e4 d6 2. Nf3 Nf6 3. d3 c5 4. c4 g6 5. b3 Bg7 6. Bb2 O-O 7. Be2 Nc6 8. O-O a6
9. Nc3 Bg4 10. Nd5 e6 11. Nxf6+ Bxf6 12. Bxf6 Qxf6 13. Nd2 Bxe2 14. Qxe2 Nd4
15. Qd1 b5 16. Nf3 Nxf3+ 17. Qxf3 Qxf3 18. gxf3 Rab8 19. f4 a5 20. Rab1 Rb6 21.
a4 bxa4 22. bxa4 Rb4 23. Rxb4 cxb4 24. Rb1 Rc8 25. Rc1 Kf8 26. f3 Ke7 27. Kf2
d5 28. Ke3 dxc4 29. dxc4 Kd6 30. Kd4 Kc6 31. c5 Rd8+ 32. Ke3 b3 33. Rb1 Rb8 34.
Kd4 b2 35. Ke5 Kxc5 36. Kf6 Rb7 37. h4 Kd4 0-1

[Event "Malaga op-13"]
[Site "Malaga"]
[Date "2010.02.20"]
[Round "1.14"]
[White "Quillan, Gary"]
[Black "Ortega Gonzalez, Jose Luis"]
[Result "1-0"]
[WhiteElo "2364"]
[BlackElo "1905"]
[PlyCount "84"]
[EventDate "2010.02.20"]

1. e4 e6 2. d4 d5 3. Nd2 c6 4. Ngf3 Nf6 5. e5 Nfd7 6. Bd3 c5 7. c3 Nc6 8. O-O
cxd4 9. cxd4 Be7 10. Re1 Qb6 11. Nb3 Nb4 12. Bb1 f5 13. exf6 Nxf6 14. Ng5 h6
15. Bg6+ Kf8 16. Nf7 Rg8 17. Ne5 Nc6 18. Be3 Bb4 19. Re2 Nd7 20. Bh7 Ndxe5 21.
dxe5 Qc7 22. Bxg8 Kxg8 23. f4 Qf7 24. Rc1 Qf5 25. Nd4 Nxd4 26. Qxd4 Ba5 27. Qa4
Qd3 28. Kf2 d4 29. Qxd4 Qxd4 30. Bxd4 Bd7 31. Rec2 a6 32. a3 Rf8 33. g3 g5 34.
Ke3 Bd8 35. Bc5 Re8 36. Ba7 Rf8 37. Rd2 Bb5 38. Rd6 Kf7 39. Bb6 Be7 40. Rc7
gxf4+ 41. gxf4 Rg8 42. Bc5 Re8 1-0

[Event "Malaga op-13"]
[Site "Malaga"]
[Date "2010.02.20"]
[Round "1.15"]
[White "Nieto Asencio, Maria Del Carmen"]
[Black "Rodriguez Lopez, Rafael"]
[Result "0-1"]
[WhiteElo "1900"]
[BlackElo "2314"]
[PlyCount "78"]
[EventDate "2010.02.20"]

1. d4 d5 2. Nf3 Nf6 3. e3 c5 4. Nbd2 cxd4 5. exd4 Nc6 6. c3 Qc7 7. Bd3 Bg4 8.
Qa4 Nd7 9. O-O e6 10. Re1 Bd6 11. h3 Bh5 12. Be2 O-O 13. Ne5 Bxe2 14. Nxd7 b5
15. Qa6 Qxd7 16. Rxe2 Rab8 17. b4 Rb6 18. Qa3 a5 19. Nb3 axb4 20. cxb4 Bxb4 21.
Qb2 Bd6 22. Be3 Ra8 23. Qc1 Ba3 24. Qd1 Na5 25. Nxa5 Rxa5 26. Qb3 Bd6 27. Rc1
Ra4 28. Rec2 Rb8 29. Qd3 Rc4 30. Qd2 Rbc8 31. Rxc4 dxc4 32. Bf4 c3 33. Qe3 Bxf4
34. Qxf4 h6 35. Qe3 b4 36. Qe5 Qd5 37. Qxd5 exd5 38. Kf1 Rc4 39. Rd1 Rxd4 0-1

[Event "Malaga op-13"]
[Site "Malaga"]
[Date "2010.02.20"]
[Round "1.16"]
[White "Munoz Moreno, Francisco Javier"]
[Black "Ramos Guaz, Jose Manuel"]
[Result "1-0"]
[WhiteElo "2295"]
[BlackElo "1873"]
[PlyCount "71"]
[EventDate "2010.02.20"]

1. Nf3 e6 2. c4 f5 3. g3 Nf6 4. Bg2 Be7 5. O-O O-O 6. d4 d5 7. b3 Nbd7 8. Ba3
c6 9. Qc2 Bxa3 10. Nxa3 Qe7 11. Qb2 Ne4 12. e3 g5 13. Rad1 f4 14. exf4 gxf4 15.
Nb1 Ng5 16. Nbd2 Qg7 17. Rfe1 Nf6 18. Nxg5 Qxg5 19. Nf3 Qh6 20. Ne5 Bd7 21.
Nxd7 Nxd7 22. Rd3 Rae8 23. gxf4 Rxf4 24. cxd5 cxd5 25. Bxd5 Qg6+ 26. Rg3 Rg4
27. Qe2 Rxg3+ 28. hxg3 Nf8 29. Bxb7 Qg7 30. Qe4 Rd8 31. Rd1 Rd7 32. Ba6 Kh8 33.
Bc4 e5 34. d5 Ne6 35. d6 Qh6 36. Qxe5+ 1-0

[Event "Malaga op-13"]
[Site "Malaga"]
[Date "2010.02.20"]
[Round "1.17"]
[White "Anaya Lopez, Gonzalo Javier"]
[Black "Naranjo Moreno, Antonio"]
[Result "0-1"]
[WhiteElo "1872"]
[BlackElo "2290"]
[PlyCount "52"]
[EventDate "2010.02.20"]

1. e4 e6 2. d4 d5 3. Nc3 Bb4 4. exd5 exd5 5. Bd3 Nf6 6. Bg5 Be6 7. Nge2 Nbd7 8.
Qd2 O-O 9. O-O b6 10. a3 Bxc3 11. Nxc3 c5 12. f4 cxd4 13. Nb5 Nc5 14. Nxd4 Nfe4
15. Bxe4 Nxe4 16. Qe3 Nxg5 17. fxg5 Re8 18. Qf4 Qb8 19. Nxe6 fxe6 20. Qf7+ Kh8
21. Rae1 Qc8 22. c3 Qc5+ 23. Kh1 Qe7 24. g6 h6 25. Re5 Rf8 26. Rxe6 Rxf7 0-1

[Event "Malaga op-13"]
[Site "Malaga"]
[Date "2010.02.20"]
[Round "1.18"]
[White "Camacho Collados, Marcos"]
[Black "Escofet Llongueras, Joan"]
[Result "1-0"]
[WhiteElo "2284"]
[BlackElo "1868"]
[PlyCount "67"]
[EventDate "2010.02.20"]

1. e4 e6 2. d3 d5 3. Nd2 c5 4. Ngf3 Nc6 5. g3 Nf6 6. Bg2 Be7 7. O-O O-O 8. e5
Nd7 9. Re1 Qc7 10. Qe2 b5 11. Nf1 Bb7 12. h4 d4 13. N1h2 Nb6 14. h5 Rad8 15. h6
g6 16. Ng4 Nd5 17. Bg5 Bxg5 18. Nxg5 Qe7 19. Qd2 c4 20. Bxd5 exd5 21. Nf6+ Kh8
22. Ngxh7 Bc8 23. Nxf8 Rxf8 24. Nxd5 Qe6 25. Qf4 f5 26. Nc7 Qe7 27. Nxb5 g5 28.
Qf3 Nb4 29. Nxd4 Bb7 30. Qe2 Qd7 31. e6 Qxd4 32. dxc4 Qf6 33. Qe5 Be4 34. e7
1-0

[Event "Malaga op-13"]
[Site "Malaga"]
[Date "2010.02.20"]
[Round "1.19"]
[White "Jurado Vazquez, Javier"]
[Black "Terron Elena, Francisco Miguel"]
[Result "0-1"]
[WhiteElo "1850"]
[BlackElo "2278"]
[PlyCount "52"]
[EventDate "2010.02.20"]

1. e4 e6 2. d4 d5 3. exd5 exd5 4. Bf4 Nf6 5. Bd3 c5 6. Bb5+ Nc6 7. Bxc6+ bxc6
8. c3 cxd4 9. Qxd4 Be7 10. Nf3 O-O 11. O-O Ne4 12. Nbd2 Ba6 13. c4 Nxd2 14.
Nxd2 dxc4 15. Qxd8 Rfxd8 16. Rfc1 f5 17. Nf3 Rd5 18. Be5 g5 19. Bc3 g4 20. Ne5
Rc8 21. Re1 Bc5 22. Kf1 Bd4 23. Rad1 Bxe5 24. Bxe5 c3+ 25. Kg1 c2 26. Rc1 Re8
0-1

[Event "Malaga op-13"]
[Site "Malaga"]
[Date "2010.02.20"]
[Round "1.20"]
[White "Gavilan Diaz, Mario"]
[Black "Camacho Dominguez, Florencio Ma"]
[Result "1-0"]
[WhiteElo "2278"]
[BlackElo "1832"]
[PlyCount "95"]
[EventDate "2010.02.20"]

1. d4 d5 2. c4 c6 3. Nc3 Nf6 4. Nf3 Bg4 5. Ne5 Bf5 6. Qb3 Qb6 7. c5 Qxb3 8.
axb3 Nbd7 9. Nxd7 Nxd7 10. b4 e5 11. e3 g6 12. b5 Bg7 13. bxc6 bxc6 14. Ba6 Rb8
15. Ne2 O-O 16. O-O Rb4 17. Rd1 Re8 18. Kf1 Bc2 19. Rd2 Ra4 20. Rxa4 Bxa4 21.
b4 Rb8 22. Ba3 Bb5 23. Bxb5 Rxb5 24. Nc3 Rb8 25. b5 exd4 26. exd4 cxb5 27. Nxd5
a5 28. c6 b4 29. c7 bxa3 30. cxb8=Q+ Nxb8 31. Ra2 Nc6 32. Rxa3 Bxd4 33. Ne3
Bxe3 34. Rxe3 Kg7 35. Rc3 Nd4 36. Rc4 Ne6 37. h4 h6 38. Ra4 g5 39. h5 Nf4 40.
g4 f5 41. f3 fxg4 42. fxg4 Nd5 43. Kf2 Nf6 44. Kf3 Ne8 45. Rxa5 Nd6 46. Ra6 Ne8
47. Ke4 Nf6+ 48. Kf5 1-0

[Event "Malaga op-13"]
[Site "Malaga"]
[Date "2010.02.20"]
[Round "1.21"]
[White "Gonzalez Lopez, Jose Antonio"]
[Black "Claros Egea, Cristian"]
[Result "0-1"]
[WhiteElo "1799"]
[BlackElo "2271"]
[PlyCount "112"]
[EventDate "2010.02.20"]

1. d4 Nf6 2. c4 g6 3. Nc3 Bg7 4. e4 d6 5. Nf3 O-O 6. Be2 Nc6 7. O-O e5 8. d5
Ne7 9. h3 Ne8 10. Nh2 f5 11. f3 f4 12. Bd3 Kh8 13. Bd2 g5 14. Be1 Ng8 15. Kf2
c6 16. Qd2 h5 17. Ke2 Nh6 18. Rh1 c5 19. Bf2 Nf6 20. Raf1 Rg8 21. Kd1 a6 22. b3
Bf8 23. Be2 Nh7 24. Kc2 Bd7 25. Kb1 Be7 26. Qd1 Qe8 27. Rfg1 h4 28. Ng4 Nxg4
29. hxg4 b5 30. Qc2 Qb8 31. Ka1 Bd8 32. Rb1 Ba5 33. Be1 Bxc3+ 34. Bxc3 b4 35.
Bd2 a5 36. Kb2 a4 37. Ra1 Qb7 38. Rhb1 Kg7 39. Kc1 Ra6 40. Rb2 Rga8 41. bxa4
Rxa4 42. Qb1 R8a7 43. Bd1 Ra3 44. Rb3 R3a6 45. Rb2 Qa8 46. Bb3 Ba4 47. Bxa4
Rxa4 48. Kd1 Nf6 49. Qc2 Nd7 50. Ke2 R7a5 51. Kd1 Qa6 52. a3 Rxa3 53. Rxa3 Rxa3
54. Rb3 Ra1+ 55. Rb1 Nb6 56. Rxa1 Qxa1+ 0-1

[Event "Malaga op-13"]
[Site "Malaga"]
[Date "2010.02.20"]
[Round "1.22"]
[White "Picazo Lopez, Juan Antonio"]
[Black "Diaz Begonte, Manuel"]
[Result "1-0"]
[WhiteElo "2269"]
[BlackElo "1794"]
[PlyCount "43"]
[EventDate "2010.02.20"]

1. d4 d5 2. c4 c6 3. Nc3 dxc4 4. e4 b5 5. a4 b4 6. Nb1 Nf6 7. e5 Nd5 8. Bxc4 e6
9. Nf3 Nd7 10. O-O a5 11. Nbd2 Be7 12. Ne4 O-O 13. Qc2 Bb7 14. Neg5 g6 15. Qe4
c5 16. Qh4 h5 17. Qg3 Kg7 18. Bd3 Qb6 19. Nxf7 Rxf7 20. Bh6+ Kh8 21. Qxg6 Nxe5
22. Nxe5 1-0

[Event "Malaga op-13"]
[Site "Malaga"]
[Date "2010.02.20"]
[Round "1.23"]
[White "Prieto Velasco, Rafael"]
[Black "Spence, David J"]
[Result "0-1"]
[WhiteElo "1768"]
[BlackElo "2268"]
[PlyCount "104"]
[EventDate "2010.02.20"]

1. d4 e6 2. c4 Nf6 3. Nc3 Bb4 4. e3 c5 5. Nge2 d5 6. a3 Bxc3+ 7. Nxc3 cxd4 8.
exd4 dxc4 9. Bxc4 Nc6 10. d5 exd5 11. Nxd5 Be6 12. Nxf6+ Qxf6 13. Bxe6 Qxe6+
14. Be3 Rd8 15. Qa4 Rd4 16. Qb5 O-O 17. O-O Rg4 18. Rad1 Qe4 19. g3 Rg6 20. Qd5
Qg4 21. Bc5 Re8 22. Rfe1 Rxe1+ 23. Rxe1 Qc8 24. Rd1 b6 25. Bb4 h6 26. Bc3 Re6
27. Kg2 Re8 28. Qd7 Qa8 29. Kg1 Qc8 30. Qxc8 Rxc8 31. Kf1 Rc7 32. h3 f6 33. Kg2
Kf7 34. Re1 Ne7 35. g4 Nd5 36. Bd4 Rc2 37. Kf3 Rc4 38. Ke4 Ne7 39. Kd3 Rc7 40.
Ke4 Rd7 41. Be3 Nc6 42. Rc1 Ne7 43. Kf3 {=} Ke6 44. Rc2 Ng6 45. Kg3 Ke5 46. h4
Ke4 47. Re2 Rd3 48. Kh2 Kf3 49. Rc2 Ne5 50. g5 hxg5 51. hxg5 Ng4+ 52. Kh3 Rd8
0-1

[Event "Malaga op-13"]
[Site "Malaga"]
[Date "2010.02.20"]
[Round "1.24"]
[White "Serna Lara, Sergio"]
[Black "Sierra Garcia, Manuel"]
[Result "1-0"]
[WhiteElo "2263"]
[BlackElo "1753"]
[PlyCount "101"]
[EventDate "2010.02.20"]

1. Nf3 e6 2. g3 b6 3. Bg2 Bb7 4. O-O Nf6 5. c4 c5 6. Nc3 Be7 7. Re1 O-O 8. e4
d6 9. d4 cxd4 10. Nxd4 a6 11. Be3 Qc7 12. Rc1 Nbd7 13. f4 Rfe8 14. g4 Nc5 15.
Bf2 e5 16. fxe5 dxe5 17. Nf5 Bf8 18. g5 Rad8 19. Qe2 Nfxe4 20. Bxe4 Bxe4 21.
Nxe4 Nd3 22. Red1 Nxc1 23. Rxc1 Bc5 24. Bxc5 bxc5 25. Rf1 Re6 26. Qf2 Rg6 27.
h4 Rb6 28. b3 Rc6 29. Qg2 Kh8 30. Ne3 Rd4 31. Nf5 Rd8 32. Qf3 Qd7 33. Ne3 Kg8
34. Rd1 Qc8 35. Rxd8+ Qxd8 36. Nf6+ gxf6 37. Qxc6 Qd4 38. Qa8+ Kg7 39. Qf3 f5
40. Kg2 Qd2+ 41. Qf2 Qxf2+ 42. Kxf2 Kg6 43. Nd5 h6 44. Ne7+ Kh5 45. gxh6 Kxh6
46. Nxf5+ Kg6 47. Ng3 f5 48. Kf3 Kf6 49. h5 f4 50. Ne4+ Kf5 51. a3 1-0

[Event "Malaga op-13"]
[Site "Malaga"]
[Date "2010.02.20"]
[Round "1.25"]
[White "Antunez Munoz, Juan Jesus"]
[Black "Jimenez Martinez, Jose Vicente"]
[Result "0-1"]
[WhiteElo "1753"]
[BlackElo "2241"]
[PlyCount "84"]
[EventDate "2010.02.20"]

1. e4 d6 2. d4 g6 3. Bc4 Bg7 4. Nc3 Nf6 5. Qe2 Nc6 6. Nf3 Bg4 7. Be3 O-O 8. h3
Bxf3 9. gxf3 e5 10. d5 Ne7 11. O-O-O Nh5 12. Qd2 f5 13. Bg5 a6 14. h4 Qd7 15.
Bf1 Kh8 16. Bh3 b5 17. Rdg1 Ng8 18. Be3 b4 19. Nd1 Qa4 20. exf5 gxf5 21. Bh6 f4
22. Bxg7+ Nxg7 23. Kb1 Ne7 24. h5 Qb5 25. h6 Ngf5 26. Rg5 Rf6 27. Bf1 Qxd5 28.
Bd3 Qxf3 29. Re1 Qb7 30. Be4 c6 31. f3 Re8 32. Qd3 Qd7 33. Reg1 d5 34. Rg7 Qe6
35. Bxf5 Nxf5 36. Rb7 e4 37. fxe4 dxe4 38. Qxa6 e3 39. Qa7 Rxh6 40. Rxb4 e2 41.
Rxf4 e1=Q 42. Qc5 Q1e5 0-1

[Event "Malaga op-13"]
[Site "Malaga"]
[Date "2010.02.20"]
[Round "1.26"]
[White "Ruiz Gutierrez, Manuel"]
[Black "Alba Atencia, Jose Antonio"]
[Result "1-0"]
[WhiteElo "2226"]
[BlackElo "1745"]
[PlyCount "67"]
[EventDate "2010.02.20"]

1. Nf3 Nf6 2. b3 g6 3. Bb2 Bg7 4. e4 d6 5. h3 O-O 6. d3 e5 7. Nbd2 Nc6 8. Be2
Nh5 9. g3 f5 10. Nh4 Nf6 11. Bf3 Ne7 12. Bg2 fxe4 13. dxe4 Be6 14. Nhf3 Bh6 15.
Qe2 Qd7 16. c4 c5 17. Nb1 Nc6 18. Nc3 a6 19. Nd5 Bxd5 20. cxd5 Ne7 21. O-O b5
22. Bc1 Bxc1 23. Raxc1 h6 24. Nh2 Kg7 25. Rc3 Rac8 26. f4 exf4 27. gxf4 Rce8
28. Re3 Nh5 29. f5 Nf6 30. Ng4 g5 31. e5 Nxg4 32. Qxg4 Rxf5 33. Rxf5 Qxf5 34.
exd6 1-0

[Event "Malaga op-13"]
[Site "Malaga"]
[Date "2010.02.20"]
[Round "1.27"]
[White "Charro Calvo, Jesus"]
[Black "Fernandez Garcia, Jose Miguel"]
[Result "1-0"]
[WhiteElo "1729"]
[BlackElo "2225"]
[PlyCount "79"]
[EventDate "2010.02.20"]

1. e4 d6 2. Nf3 Nf6 3. Nc3 e5 4. h3 Be7 5. Bc4 O-O 6. d3 c6 7. O-O b5 8. Bb3
Nbd7 9. Ne2 Nc5 10. c3 Nxb3 11. Qxb3 Be6 12. Qc2 c5 13. Rd1 Qc7 14. Ng3 Ne8 15.
Be3 g6 16. a4 bxa4 17. Qxa4 f5 18. exf5 gxf5 19. Bh6 Ng7 20. Bg5 Bd5 21. Bxe7
Qxe7 22. Qh4 Qf7 23. Ng5 Qg6 24. Ra6 h6 25. N5e4 fxe4 26. dxe4 Rae8 27. Qg4
Qxg4 28. hxg4 Be6 29. Rdxd6 Bxg4 30. Rg6 Re6 31. Raxe6 Bxe6 32. Nh5 Rb8 33.
Rxg7+ Kf8 34. Rxa7 Rxb2 35. Ra5 Bf7 36. Ng3 c4 37. Nf5 Be6 38. Rxe5 Rb1+ 39.
Kh2 Kf7 40. Nd4 1-0

[Event "Malaga op-13"]
[Site "Malaga"]
[Date "2010.02.20"]
[Round "1.28"]
[White "Nava Baro, Enrique"]
[Black "Ladron De Guevara Bravo, Fermin"]
[Result "1-0"]
[WhiteElo "2208"]
[BlackElo "1696"]
[PlyCount "45"]
[EventDate "2010.02.20"]

1. d4 e6 2. c4 d5 3. Nc3 f5 4. Nf3 Nf6 5. g3 c6 6. Bg2 dxc4 7. Ne5 Bb4 8. O-O
O-O 9. Nxc4 Nd5 10. Qb3 Be7 11. e4 Nxc3 12. bxc3 b6 13. Ne5 Bd6 14. Ba3 Qe7 15.
Bxd6 Qxd6 16. exf5 Rxf5 17. Rfe1 Bd7 18. Nxd7 Qxd7 19. Bh3 Rf6 20. Bxe6+ Rxe6
21. Rxe6 Kf8 22. Rae1 Na6 23. Qa3+ 1-0

[Event "Malaga op-13"]
[Site "Malaga"]
[Date "2010.02.20"]
[Round "1.29"]
[White "Rodriguez Fenoy, Inmaculada"]
[Black "Cuenca Jimenez, Francisco Javie"]
[Result "0-1"]
[WhiteElo "1688"]
[BlackElo "2205"]
[PlyCount "64"]
[EventDate "2010.02.20"]

1. d4 Nf6 2. c4 c5 3. d5 b5 4. cxb5 a6 5. Nc3 axb5 6. Bf4 b4 7. Nb5 d6 8. a3
Qa5 9. e3 bxa3+ 10. Qd2 axb2 11. Rxa5 b1=Q+ 12. Ke2 Ba6 13. Kf3 Qe4+ 14. Ke2
Nxd5 15. Ke1 Qb1+ 16. Qd1 Qb4+ 17. Qd2 Nc6 18. Nxd6+ exd6 19. Rxa6 Qb1+ 20. Qd1
Qxd1+ 21. Kxd1 Rxa6 22. Bxa6 Nxf4 23. exf4 Be7 24. Bb5 Kd7 25. Ne2 Rb8 26. Nc3
Bf6 27. Bxc6+ Kxc6 28. Kc2 Bxc3 29. Kxc3 d5 30. Re1 d4+ 31. Kc4 Rb2 32. Re5
Rc2+ 0-1

[Event "Malaga op-13"]
[Site "Malaga"]
[Date "2010.02.20"]
[Round "1.30"]
[White "Charleshouse, Glenn L"]
[Black "Perez Guerra, Alberto"]
[Result "1-0"]
[WhiteElo "2203"]
[BlackElo "1670"]
[PlyCount "61"]
[EventDate "2010.02.20"]

1. e4 e6 2. d3 d5 3. Nd2 Nf6 4. Ngf3 c5 5. g3 Nc6 6. Bg2 Be7 7. O-O O-O 8. e5
Nd7 9. Re1 Qc7 10. Qe2 b5 11. Nf1 Bb7 12. Bf4 a5 13. h4 Rfe8 14. N1h2 c4 15. d4
b4 16. c3 Na7 17. Ng5 Nb5 18. Bd2 Nb6 19. Qh5 Bxg5 20. hxg5 Na4 21. Ng4 bxc3
22. bxc3 Naxc3 23. Nf6+ gxf6 24. gxf6 Kh8 25. Bxc3 Nxc3 26. Re3 Ne2+ 27. Rxe2
Reb8 28. Re3 Qd7 29. Rf3 Qe8 30. Rf4 Qg8 31. Rg4 1-0